Cartes zombie call of duty - click quiz - Statistiques

Statistiques générales
  • Ce quiz a été pris 117 fois
  • Le résultat moyen est 11 sur 23
Statistiques - réponses
Hint Réponse % Correct
TranZit BO2
75%
Kino Der Toten Black ops
73%
Origins BO2
67%
Five BLACK OPS
64%
Moon BLACK OPS
62%
Zetsubou No Shima BO3
62%
Shadows of Evil BO3
62%
Nuketown ZOMBIE BO2
60%
Shangri-La BLACK OPS
58%
Ascension Black ops
53%
Firebase Z Cold War
53%
The final Reich WWII
53%
Die Rise
BO2
51%
Nacht der Untoten World at War
47%
Die Maschine Cold War
45%
The Giant BO3
40%
The Shadowed Throne WWII
40%
U.S.S. Mount Olympus WWII
33%
Gröesten Haus WWII
33%
Verrückt World at War
31%
Der Riese World at War
29%
Mauer der Toten Cold War
27%
Forsaken Cold War
24%
Aucun quiz correspondant
Distribution des résultats
% des personnes avec chaque résultat
Percentile par nombre de réponses
Votre historique - résultats
Vous n’avez pas pris ce quiz